Countries Most Similar To Solomon Islands - Statistics

General Stats
  • This quiz has been taken 19 times
  • The average score is 10 of 20
Answer Stats
Rank Country Score % Correct
4 Fiji 68.2
100%
2 Papua New Guinea 79.9
100%
3 Samoa 72.7
100%
5 East Timor 63.1
89%
6 Philippines 60.6
89%
17 Indonesia 57.5
78%
1 Vanuatu 81.8
78%
10 Guyana 59.4
44%
13 Jamaica 58.8
44%
8 Belize 60.1
33%
15 Ghana 57.9
33%
19 Kenya 57
33%
7 Liberia 60.2
22%
12 Sierra Leone 58.9
22%
18 Uganda 57.5
22%
11 Zambia 59.2
22%
20 Zimbabwe 56.8
22%
9 Madagascar 59.5
11%
14 Malawi 58.7
11%
16 Tanzania 57.6
11%
No matching quizzes found
Score Distribution
Percent of People with Each Score
Percentile by Number Answered
Your Score History
You have not taken this quiz